|
|
|
|
| LEADER |
00000nam0a2200000 4500 |
| 001 |
76680 |
| 005 |
20231101212904.0 |
| 035 |
|
|
|a (RuTPU)RU\TPU\book\82194
|
| 090 |
|
|
|a 76680
|
| 100 |
|
|
|a 20050428d1974 km y0rusy50 ca
|
| 101 |
0 |
|
|a rus
|
| 102 |
|
|
|a RU
|
| 105 |
|
|
|a a j 000zy
|
| 200 |
1 |
|
|a Пособие по переводу японских научно-технических текстов. Начальный курс
|f С. М. Шевенко
|g Академия Наук СССР; Институт востоковедения
|
| 210 |
|
|
|a Москва
|c Наука
|d 1974
|
| 215 |
|
|
|a 404 с.
|c ил.
|
| 606 |
1 |
|
|a Японский язык
|2 stltpush
|3 (RuTPU)RU\TPU\subj\21832
|9 46762
|
| 610 |
1 |
|
|a грамматика
|
| 610 |
1 |
|
|a стилистика
|
| 610 |
1 |
|
|a переводы
|
| 610 |
1 |
|
|a научно-техническая лексика
|
| 610 |
1 |
|
|a упражнения
|
| 610 |
1 |
|
|a учебные пособия
|
| 686 |
|
|
|a Ш175.12-923.2
|v LBC/SL-A
|2 rubbk
|
| 700 |
|
1 |
|a Шевенко
|b С. М.
|g Светлана Михайловна
|
| 712 |
0 |
2 |
|a Академия наук СССР (АН СССР)
|b Институт востоковедения (ИВ)
|c (Москва)
|2 stltpush
|3 (RuTPU)RU\TPU\col\11263
|
| 801 |
|
1 |
|a RU
|b 63413507
|c 20050428
|g PSBO
|
| 801 |
|
2 |
|a RU
|b 63413507
|c 20161108
|g PSBO
|
| 942 |
|
|
|c BK
|